000 00467nam a2200181Ia 4500
005 20250317130130.0
008 008 250317s9999 xx 000 0 eng d
037 _aTextbook
040 _aFMSL
_beng
_cFMSL
041 _aeng
_2eng
084 _qFMSL
100 _aPande G C
245 0 _aResearch methodology in social science
260 _aNew Delhi
_bNew Delhi, Anmol
_c1989
300 _a288p
942 _cTB
999 _c1262440
_d1262440